000 00787nam a22001937a 4500
999 _c61956
_d61956
003 Ge_BSU
005 20240614120814.0
008 240614s1955 ge ||||| |||| 00| 0 geo d
041 _ageo
080 _a613 + 614.2 ე-44
100 _aმახარაძე, ა.
_915872
245 _aჰიგიენა ჯანმრთელობის საწინდარია /
_cა. მახარაძე; რედ. გ. ნათაძე.
264 _aთბილისი :
_bსაქმედგამი,
_c1955.
300 _a46 გვ. ;
_b 20 სმ.
653 _aჰიგიენა
653 _aჯანმრთელობის დაცვა
700 _aნათაძე, გ.
_eრედაქტორი
_922440
942 _2udc
_cᲬᲘᲒᲜᲘ